Statistiques concernant Joueurs NBA par carrière

Cliquez ici pour prendre le quiz!

Statistiques générales

  • Ce quiz a été pris 56 fois
  • Le résultat moyen est 11 sur 20

Statistiques - réponses

FranchisesJoueur% Correct
Bulls, WizardsMichael Jordan
89%
Pelicans, LakersAnthony Davis
84%
Hornets, Clippers, Rockets, Thunder, Suns, WarriorsChris Paul
76%
Bucks, LakersKareem Abdul-Jabbar
76%
Spurs, Raptors, ClippersKawhi Leonard
76%
Supersonics, Thunder, Warriors, Nets, SunsKevin Durant
73%
Lakers, PelicansBrandon Ingram
71%
Nuggets, Knicks, Thunder, Rockets, Trail Blazers, LakersCarmelo Anthony
67%
Bulls,Timberwolves, 76ers, HeatJimmy Butler
62%
Lakers, Nets, Warriors, Timberwolves, LakersD'angelo Russell
60%
Timberwolves, Celtics, Nets, TimberwolvesKevin Garnett
56%
Heat, Bulls, Cavs, HeatDwayne Wade
53%
Lakers, Pelicans, BullsLonzo Ball
40%
Raptors, Magic, Rockets, Knicks, Pistons, Hawks, SpursTracy McGrady
40%
76ers, Nuggets, Pistons, Grizzlies, 76ersAllen Iverson
33%
Nets, 76ersJulius Erving
31%
Trail Blazers, Hornets, Clippers, 76ersNicolas Batum
31%
Kings, Pelicans, Warriors, Lakers, Rockets, Clippers, Bucks, NuggetsDeMarcus Cousins
27%
Rockets, 76ers, Bullets, Hawks, Bucks, 76ers, SpursMoses Malone
20%
Wizards, Suns, Warriors, Hornets, 76ersKelly Oubre Jr
18%

Distribution des résultats

Percentile par nombre de réponses

% des personnes avec chaque résultat

Votre développement - résultats

Vous n’avez pas pris ce quiz